000 00652nam a2200229 a 4500
005 20140310183602.0
008 120717s19uu xx 00 eng d
020 _a9780071742009
020 _a9780071745086
020 _a9780071741989
050 _aLB 3013
_b.Sp769 2011
100 _aSpringer, Steve
245 _aThe organized teacher's guide to classroom management /
_cSteve Springer
260 _aNew York :
_bMcGraw-Hill,
_c2011.
300 _a276 p. :
_bill. ;
_c28 cm.
521 _aEDU
650 _aClassroom management
650 _aEffective teaching
700 _aPersiani, Kimberly
942 _cBK
_2lcc
_kFOR
999 _c25114
_d25114